| 000 | 00461nam a2200133Ia 4500 | ||
|---|---|---|---|
| 005 | 20260209120138.0 | ||
| 008 | 260209s9999||||xx |||||||||||||| ||und|| | ||
| 100 | _aAchu Ann Michael | ||
| 245 | 0 | _aEffects doctrine and extraterritorial application of competition law | |
| 260 |
_aBangaloreBangalore _bNLSIU _c2017 |
||
| 300 | _a129 p. ; 25 cm. | ||
| 700 | _aMr. Rahul Singh - GuideMr. Rahul Singh - Guide | ||
| 856 | _uhttps://dans.nls.ac.in/handle/123456789/1627 | ||
| 999 |
_c217291 _d217291 |
||